Model army (Record no. 77201)
[ view plain ]
| 000 -LEADER | |
|---|---|
| fixed length control field | 00747cab a2200193 4500 |
| 001 - CONTROL NUMBER | |
| control field | ##L133776 |
| 008 - FIXED-LENGTH DATA ELEMENTS--GENERAL INFORMATION | |
| fixed length control field | 060609n2006 000 0 eng u |
| 035 ## - SYSTEM CONTROL NUMBER | |
| System control number | (Sirsi) u133776 |
| 041 0# - LANGUAGE CODE | |
| Language code of text/sound track or separate title | eng |
| 100 1# - MAIN ENTRY--PERSONAL NAME | |
| Personal name | Sweet, Rod |
| 245 00 - TITLE STATEMENT | |
| Title | Model army |
| 260 ## - PUBLICATION, DISTRIBUTION, ETC. | |
| Date of publication, distribution, etc. | 2006 |
| 490 #0 - SERIES STATEMENT | |
| Series statement | Construction Manager |
| Volume/sequential designation | June 2006, 14-17(4) |
| 520 ## - SUMMARY, ETC. | |
| Summary, etc. | Reports on a visit to Corus Living Solutions, the most advanced modular construction line in Europe. Concentrates on the production methods used, the type of staff employed, and the emphasis placed on health and safety information and reporting. |
| 590 ## - LOCAL NOTE (RLIN) | |
| Local note | IKA200606 |
| 651 #4 - SUBJECT ADDED ENTRY--GEOGRAPHIC NAME | |
| Geographic name | United Kingdom |
| Chronological subdivision | |
| 690 ## - LOCAL SUBJECT ADDED ENTRY--TOPICAL TERM (OCLC, RLIN) | |
| Topical term or geographic name as entry element | BUILT ENVIRONMENT-CONSTRUCTION MANAGEMENT-CONSTRUCTION DESIGN AND MANAGEMENT |
| 942 ## - ADDED ENTRY ELEMENTS (KOHA) | |
| Suppress in OPAC | 0 |
| Withdrawn status | Lost status | Source of classification or shelving scheme | Damaged status | Not for loan | Home library | Current library | Shelving location | Date acquired | Total Checkouts | Full call number | Barcode | Date last seen | Copy number | Price effective from | Koha item type |
|---|---|---|---|---|---|---|---|---|---|---|---|---|---|---|---|
| Dewey Decimal Classification | London | London | Journal article | 09/06/2006 | L133776 | 133776-1001 | 06/08/2019 | 1 | 06/08/2019 | Journal article |